Quiz sur le Royaume-Uni - Statistiques

Statistiques générales
  • Ce quiz a été pris 15 899 fois
  • Le résultat moyen est 17 sur 24
Statistiques - réponses
Question Réponse % Correct
Seul pays frontalier (sans compter les territoires d'outre-mer) Irlande
98%
Devise monétaire Livre Sterling
97%
Capitales respectives de celles-ci Londres
95%
Étendue d'eau qui sépare la France de la Grande-Bretagne Manche
95%
Monarque actuellement au pouvoir Charles III
91%
Nations constitutives du Royaume-Uni Écosse
91%
Nations constitutives du Royaume-Uni Angleterre
90%
Nations constitutives du Royaume-Uni Pays de Galles
88%
Plus ancienne université Oxford
87%
Nations constitutives du Royaume-Uni Irlande du Nord
86%
Capitales respectives de celles-ci Édimbourg
83%
Résidence officielle de ce monarque Palais de {Buckingham}
82%
Hymne national God Save the King
80%
Ancienne première ministre surnommée"La Dame de fer" ou bien "Miss Maggie" Margaret Thatcher
76%
Quartier célèbre pour son observatoire donnant son nom au premier méridien Greenwich
73%
Principal pays d'origine des étrangers vivant au Royaume-Uni Inde
73%
Capitales respectives de celles-ci Belfast
67%
Capitales respectives de celles-ci Cardiff
66%
Les deux chambres du Parlement Chambre des {Lords}
62%
Aéroport le plus fréquenté Heathrow
47%
Les deux chambres du Parlement Chambre des {Communes}
30%
Plus haut bâtiment The Shard
15%
Point culminant Ben Nevis
12%
Plus long fleuve Severn
10%
Aucun quiz correspondant
Distribution des résultats
% des personnes avec chaque résultat
Percentile par nombre de réponses
Votre historique - résultats
Vous n’avez pas pris ce quiz